Statistics for Countries Which Hosted a Formula 1 Race

Click here to take the quiz!

General Stats

  • This quiz has been taken 810 times
    (605 since last reset)
  • The average score is 29 of 34

Answer Stats

No.of RacesCountry% Correct
76United States
99%
105Italy
98%
78United Kingdom
98%
63France
97%
60Spain
96%
37Australia
94%
50Brazil
94%
52Canada
94%
39Japan
94%
79Germany
93%
23Mexico
93%
16China
92%
8Russia
92%
68Belgium
90%
69Monaco
90%
38Austria
88%
33Netherlands
88%
18Portugal
87%
20Argentina
85%
3Saudi Arabia
83%
23South Africa
81%
38Hungary
80%
3India
79%
20Bahrain
78%
15United Arab Emirates
78%
2Qatar
76%
6Sweden
75%
14Singapore
74%
19Malaysia
73%
9Turkey
71%
4South Korea
70%
5Switzerland
69%
7Azerbaijan
62%
1Morocco
61%

Score Distribution

Percentile by Number Answered

Percent of People with Each Score

Your Score History

You have not taken this quiz since the last reset